Book Title Pictograms Quiz Stats

 Plays Quiz Updated May 29, 2015

Challenge
Share
Tweet
Score 0/18 Timer 07:00
2 Plays Today
% Correct
Animal Farm
98.8%
Treasure Island
97.6%
The Green Mile
96.1%
The Kite Runner
94.5%
Fight Club
94.4%
A Clockwork Orange
93.9%
The Bell Jar
91.2%
The Red Tent
87.2%
The Book Thief
85.8%
% Correct
The Princess Bride
85%
Fahrenheit 451
80.4%
The Hunger Games
80.4%
The Scarlet Letter
76.7%
Peter Pan
72.7%
Cloud Atlas
72.3%
Naked Lunch
55.1%
Washington Square
53.4%
Oliver Twist
38.5%

You're not logged in!

Compare scores with friends on all Sporcle quizzes.
Join for Free
OR
Log In

You Might Also Like...

Show Comments

Extras

Top Quizzes Today


Score Distribution

Your Account Isn't Verified!

In order to create a playlist on Sporcle, you need to verify the email address you used during registration. Go to your Sporcle Settings to finish the process.

Report this User

Report this user for behavior that violates our Community Guidelines.

Details: